Statystyki dla Największe miasta w zachodniopomorskim wg litery

Kliknij tutaj aby rozwiązać quiz!

Ogólne statystyki

  • Ten quiz został rozwiązany 59 razy
  • Średni wynik to 11 z 17

Statystyki odpowiedzi

LiteraLiczba mieszkańcówMiasto% Poprawnych
K106.880Koszalin
98%
S400.990Szczecin
98%
Ś40.864Świnoujście
96%
B24.049Białogard
87%
P32.419Police
82%
G22.079Goleniów
71%
W25.115Wałcz
69%
N16.553Nowogard
64%
D13.657Darłowo
62%
Ł10.036Łobez
60%
C15.032Choszczno
53%
M11.061Myślibórz
47%
I1.914Ińsko
44%
T9.930Trzebiatów
40%
Z12.796Złocieniec
40%
R4.174Resko
31%
L3.894Lipiany
29%

Rozkład punktacji

Percentyl według liczby udzielonych odpowiedzi

Procent ludzi z każdym wynikiem

Twoja historia wyników

Nie rozwiązałeś tego quizu